[Event "Cto. Navarra por equipos - Division Hono"]
[Site "?"]
[Date "2017.11.18"]
[Round "6"]
[White "Lizuain Toni, Javier"]
[Black "Roviralta Montero, Axel"]
[Result "1-0"]
[WhiteElo "1834"]
[BlackElo "1813"]

1.e4 e6 2.d4 b6 3.Nc3 Bb7 4.Bd3 Bb4 5.Qe2 f5 6.Bd2 Nf6 7.e5 Bxg2 8.exf6 Qxf6
9.O-O-O Bxc3 10.Bxc3 Bxh1 11.d5 Qg5 12.Bd2 Qe7 13.f3 O-O 14.dxe6 Nc6 15.Bc4 Kh8
16.Qf2 Ne5 17.Bb3 a5 18.a3 dxe6 19.Re1 Qd6 20.Bc3 Ng6 21.Rxe6 Qf4 22.Bd2 Qh4
23.Qe3 Rf6 24.Rxf6 Qxf6 25.Bc3 Qe7 26.Qf2 Re8 27.Kb1 Qh4 28.Qd2 a4 29.Bf7 Rd8
30.Qc1 Qf4 31.Qe1 Bxf3 32.Nxf3 Qxf3 33.Qe6 Qd1 34.Ka2 Qxc2 35.Qf6 Qb3 36.Bxb3
axb3 37.Kxb3 gxf6 38.Bxf6 Kg8 39.Bxd8 Nf4 40.Bxc7 Nd5 41.Bg3 f4 42.Bf2 b5 43.Kc2
Kf7 44.Kd3 Nf6 45.Bd4 Nh5 46.Ke4 Ke6 47.Be5 f3 48.Bd4 Kd6 49.Kxf3 Kd5 50.Bc3 Ke6
51.Kg4 1-0

[Event "Cto. Navarra por equipos - Division Hono"]
[Site "?"]
[Date "2017.11.18"]
[Round "6"]
[White "Garisoain Ardanaz, Alvaro"]
[Black "Bejines Lopez, Carlos"]
[Result "1-0"]
[WhiteElo "1663"]
[BlackElo "1380"]

1.d4 Nf6 2.Nf3 d6 3.e3 g6 4.Bd3 Bg7 5.Nbd2 O-O 6.O-O b6 7.e4 Nbd7 8.Re1 e5
9.dxe5 Nxe5 10.Nxe5 dxe5 11.Nf3 Qe7 12.Bg5 h6 13.Bd2 Bb7 14.Qc1 g5 15.h4 g4
16.Nh2 Kh7 17.g3 Qc5 18.Qd1 h5 19.Be3 Qc6 20.f3 Kg8 21.Bg5 gxf3 22.Qxf3 Qd7
23.Bxf6 Bxf6 24.Qxf6 Qd4 25.Kg2 Qxb2 26.Qg5 Kh7 27.Qxh5 Kg8 28.Ng4 1-0

[Event "Cto. Navarra por equipos - Division Hono"]
[Site "?"]
[Date "2017.11.18"]
[Round "6"]
[White "Ortin Blanco, Inigo"]
[Black "Salinas Alcalde, Inaki"]
[Result "1-0"]
[WhiteElo "2261"]
[BlackElo "2021"]

1.d4 Nf6 2.Bg5 d5 3.Bxf6 exf6 4.e3 Be6 5.Bd3 Be7 6.Qf3 Qd7 7.h3 Na6 8.c3 c6
9.Ne2 Nc7 10.Nd2 h5 11.Nf4 g6 12.O-O-O O-O-O 13.Be2 Ne8 14.g4 Ng7 15.Qg2 f5
16.gxh5 Nxh5 17.Nxh5 gxh5 18.f4 Bh4 19.Bf3 Rdg8 20.Qe2 Rg3 21.Rdg1 Rhg8 22.Rxg3
Rxg3 23.Bxh5 Qe8 24.Nf3 Bf6 25.Qf2 Rg7 26.Nd2 Qg8 27.Bf3 Rg3 28.Nf1 Rg7 29.h4
Qh8 30.h5 Bd8 31.Rg1 Rh7 32.Qg3 f6 33.Qh3 Kc7 34.Ng3 Rg7 35.Ne2 Rh7 36.Rh1 Rg7
37.Ng3 Qg8 38.Rg1 Kb6 39.Rg2 Qh7 40.Ne2 Rxg2 41.Qxg2 Bf7 42.Qh3 Be6 43.Ng3 Qg7
44.Be2 Be7 45.Bd3 Bf8 46.Kc2 c5 47.dxc5 Bxc5 48.Bxf5 Bxf5 49.Nxf5 Qh7 50.Kd3 Qg8
51.Nd4 Qg1 52.Qe6 Ka5 53.Nb3 Kb5 54.a4 Kxa4 55.Nxc5 Kb5 56.Kd4 b6 57.Qd7 1-0

[Event "Cto. Navarra por equipos - Division Hono"]
[Site "?"]
[Date "2017.11.18"]
[Round "6"]
[White "Hernandez Barricarte, Miguel A"]
[Black "Roldan Marques, Daniel"]
[Result "0-1"]
[WhiteElo "1902"]
[BlackElo "2189"]

1.d4 d5 2.c4 e6 3.Nf3 c6 4.e3 f5 5.b3 Bd6 6.g3 Nf6 7.Bg2 O-O 8.O-O Qe7 9.Bb2
Nbd7 10.Qc1 b6 11.Ba3 c5 12.Nc3 Ba6 13.Nb5 Bxb5 14.cxb5 Rac8 15.Qb2 Ne4 16.Rac1
Rc7 17.Rc2 Rfc8 18.Rfc1 g5 19.h3 h5 20.Nd2 Nf8 21.Nxe4 fxe4 22.Rc3 Ng6 23.Qe2 h4
24.dxc5 bxc5 25.Qg4 Kg7 26.R3c2 Ne5 27.Bb2 Kh6 28.Bxe5 Bxe5 29.f3 exf3 30.Bxf3
Bxg3 31.Qh5 Kg7 32.Rf1 Rf8 33.Rcc1 Qf6 34.Be2 Bf2 35.Kh1 Qe5 36.Bd3 Kg8 37.Rc2
Bxe3 38.Rxf8 Kxf8 39.Qh6 Rg7 40.Bg6 Qa1 41.Kg2 Qg1 42.Kf3 g4 0-1

[Event "Cto. Navarra por equipos - Division Hono"]
[Site "?"]
[Date "2017.11.18"]
[Round "6"]
[White "Sesma Rubio, Patxi"]
[Black "Barberia Fernandez, Inaki"]
[Result "1-0"]
[WhiteElo "2150"]
[BlackElo "1861"]

1.d4 Nf6 2.Nf3 d5 3.Bg5 Ne4 4.Bf4 c5 5.e3 Qb6 6.Qc1 Nc6 7.c3 Bf5 8.Be2 Rc8 9.O-O
e6 10.Nbd2 Be7 11.Nxe4 dxe4 12.Ne5 Nxe5 13.Bxe5 O-O 14.a4 cxd4 15.a5 Qb3 16.Bxd4
a6 17.Rd1 Rfd8 18.Rd2 Rc6 19.Bd1 Qd5 20.Ba4 Rcc8 21.Rd1 Qc4 22.Qc2 e5 23.Bxe5
Qe6 24.Bg3 h5 25.Qb3 Qg6 26.Qb6 Qg4 27.h3 Rxd1 28.Bxd1 Qg5 29.h4 Qg6 30.Qxb7 Bc5
31.Kh2 Rd8 32.Qc7 Rd5 33.Bb3 Bd6 34.Qd8 1-0

[Event "Cto. Navarra por equipos - Division Hono"]
[Site "?"]
[Date "2017.11.18"]
[Round "6"]
[White "Rodriguez Montes, Sostenes"]
[Black "Garrido Lasheras, David"]
[Result "0-1"]
[WhiteElo "1813"]
[BlackElo "2075"]

1.e4 c5 2.Nc3 Nc6 3.g3 g6 4.Bg2 Bg7 5.d3 d6 6.Nf3 Nf6 7.O-O O-O 8.Rb1 Rb8 9.h3
b5 10.Qe2 b4 11.Na4 Bd7 12.b3 Qc8 13.Kh2 Ne8 14.Bb2 e5 15.Bc1 Nc7 16.c4 bxc3
17.Nxc3 Qa6 18.Be3 Nb4 19.Ne1 Nb5 20.Nxb5 Bxb5 21.a4 Bd7 22.f4 f5 23.Qd2 Be6
24.Rf2 Nc6 25.exf5 Rxf5 26.Qd1 Ne7 27.h4 Nd5 28.Bd2 exf4 29.gxf4 Rh5 30.Bh3 Rxh4
31.Rf3 Qc8 32.Ng2 Rxh3 33.Rxh3 Bxh3 34.Qf3 Bxg2 35.Kxg2 Qb7 36.Kg3 Ne7 37.Qe2
Nf5 38.Kf2 Bd4 39.Kf1 Qh1 0-1

[Event "Cto. Navarra por equipos - Division Hono"]
[Site "?"]
[Date "2017.11.18"]
[Round "6"]
[White "Martinez Bernardo, Aitor"]
[Black "Igea Perez, Alfonso"]
[Result "1-0"]
[WhiteElo "1976"]
[BlackElo "1887"]

1.c4 f5 2.g3 Nf6 3.Bg2 g6 4.e3 Bg7 5.Ne2 e5 6.O-O O-O 7.Nbc3 c6 8.Qb3 d6 9.d4
Qe8 10.Qa3 Qd8 11.Rd1 e4 12.b4 Be6 13.c5 Bc4 14.Rb1 Bd3 15.Qb3 d5 16.Rb2 Bc4
17.Qa4 b5 18.cxb6 Qxb6 19.b5 c5 20.Rbd2 Nbd7 21.Ba3 Bd3 22.dxc5 Nxc5 23.Qd4 Rfc8
24.Nxd5 Nxd5 25.Qxd5 Kh8 26.Bxc5 Qxc5 27.Qxc5 Rxc5 28.Nf4 Bc3 29.Rxd3 exd3
30.Bxa8 d2 31.Ne2 Ba5 32.Nd4 Rc1 33.Bf3 Bc3 34.Kf1 1-0

[Event "Cto. Navarra por equipos - Division Hono"]
[Site "?"]
[Date "2017.11.18"]
[Round "6"]
[White "Ruiz Turrillas, Alfredo"]
[Black "Ozaita Martinez, Tomas"]
[Result "1-0"]
[WhiteElo "1714"]
[BlackElo "1821"]

1.e4 c6 2.d4 d5 3.e5 Bf5 4.Bd3 Bxd3 5.Qxd3 e6 6.f4 Ne7 7.Nf3 h5 8.b4 a6 9.a4 Nd7
10.a5 Nf5 11.c3 Be7 12.Nbd2 g5 13.Nb3 gxf4 14.Bxf4 h4 15.Ra2 Rg8 16.Rg1 b5
17.axb6 Qxb6 18.Ra5 Rg4 19.g3 hxg3 20.hxg3 Nf8 21.Nc5 Bxc5 22.dxc5 Qb7 23.Kf2 d4
24.Nxd4 Nxd4 25.Qxd4 Rd8 26.Qe3 Rd5 27.Qe2 Rg7 28.Qxa6 Qd7 29.Qa8 1-0

[Event "Cto. Navarra por equipos - Division Hono"]
[Site "?"]
[Date "2017.11.18"]
[Round "6"]
[White "Torres Calvo, Mauricio"]
[Black "Jeddi, Abdelkader"]
[Result "0-1"]
[WhiteElo "1806"]
[BlackElo "1704"]

1.e4 c5 2.c3 d5 3.exd5 Qxd5 4.d4 Nf6 5.Nf3 e6 6.Na3 a6 7.Nc4 Nbd7 8.a4 Be7 9.Be2
O-O 10.O-O b6 11.Nfd2 Qb7 12.Bf3 Nd5 13.Ne4 Qc7 14.Ne3 Bb7 15.Nxd5 exd5 16.Ng3
f5 17.Qe2 Qd6 18.Bf4 Qf6 19.Rfe1 Rae8 20.Qe6 Qxe6 21.Rxe6 g5 22.Bd6 Bxd6 23.Rxd6
Nf6 24.Nxf5 g4 25.Nh6 Kg7 26.Nxg4 Nxg4 27.Bxg4 Re7 28.Rxb6 cxd4 29.cxd4 Rf4
30.Bf3 Rxd4 31.Kf1 a5 32.Rd1 Rxa4 33.Bxd5 Bxd5 34.f3 Bc4 35.Kf2 Rb4 36.Rbd6 Rxb2
37.Kg3 a4 38.R6d4 Bb3 0-1

[Event "Cto. Navarra por equipos - Division Hono"]
[Site "?"]
[Date "2017.11.18"]
[Round "6"]
[White "Marin Salvador, Ruben"]
[Black "Saifi, Mourad"]
[Result "0-1"]
[WhiteElo "1645"]
[BlackElo "1775"]

1.d4 Nf6 2.Nf3 e6 3.Bf4 c5 4.c3 Nc6 5.Nbd2 cxd4 6.cxd4 Qa5 7.a3 d5 8.e3 Bd7
9.Bd3 Rc8 10.O-O Be7 11.Ne5 Qd8 12.h3 h5 13.Ndf3 Ne4 14.Nxc6 Bxc6 15.Ne5 g5
16.Bh2 Bd6 17.f3 Nf6 18.Qe2 Nd7 19.Nxc6 Bxh2 20.Kxh2 Rxc6 21.e4 Qc7 22.Kh1 Kd8
23.Qd2 f6 24.Rac1 g4 25.Rxc6 bxc6 26.fxg4 hxg4 27.Qf4 Qxf4 28.Rxf4 gxh3 29.g3
Ke7 30.Kh2 c5 31.exd5 exd5 32.Bf5 cxd4 33.Rxd4 Nb6 34.Bxh3 Kd6 35.Kg2 Ke5 36.Rf4
Nc4 37.Rf5 Ke4 38.Rf4 Kd3 39.Bf5 Ke3 40.Rf3 Kd4 41.Rf4 Ke5 42.Kf3 Nxb2 43.Bg4
Rf8 44.Rf5 Kd6 45.Ke2 Nc4 46.a4 Ne5 47.Bf3 Nxf3 48.Kxf3 Ke6 49.Rf4 Rc8 50.Rb4
Rc4 51.Rb3 Rxa4 52.Re3 Kd6 53.g4 a5 54.Re8 Rc4 55.Rd8 Ke6 56.Re8 Kd7 57.Ra8 a4
58.Ra6 Ke7 59.Kg3 Kf7 60.Kf3 Rb4 61.Rd6 d4 62.Ke4 Ke7 63.Ra6 d3 64.Kxd3 Rxg4
65.Ke3 Kf7 66.Kf3 Rb4 67.Kf2 Kg6 68.Ra5 f5 69.Ra6 Kg5 70.Ra8 Kf4 71.Kf1 Kf3
72.Ke1 Ke3 73.Re8 Re4 74.Ra8 f4 75.Kf1 Kf3 76.Ra7 Rb4 77.Ke1 Ke3 78.Re7 Kd3
79.Kf2 Kc3 80.Rc7 Kb3 81.Ke1 a3 0-1

[Event "Cto. Navarra por equipos - Division Hono"]
[Site "?"]
[Date "2017.11.25"]
[Round "7"]
[White "Salinas Alcalde, Inaki"]
[Black "Zamarbide Inarrea, Daniel"]
[Result "0-1"]
[WhiteElo "2021"]
[BlackElo "2178"]

1.d4 Nf6 2.c4 Nc6 3.Nf3 e6 4.Bg5 Bb4 5.Nc3 h6 6.Bd2 d6 7.e3 O-O 8.a3 Bxc3 9.Bxc3
Ne4 10.Bd3 Nxc3 11.bxc3 Qe7 12.O-O e5 13.e4 Bg4 14.d5 Nb8 15.h3 Bd7 16.Rb1 b6
17.Nd2 Qg5 18.Nf3 Qf6 19.Nh2 Na6 20.Qf3 Qg5 21.Ng4 Nc5 22.Bc2 h5 23.Ne3 g6
24.Kh1 Rae8 25.Rg1 Qf4 26.Rbe1 Qxf3 27.gxf3 Bxh3 28.a4 Bd7 29.Ra1 a5 30.Kg2 Kg7
31.Kf1 Kh6 32.Ke2 Re7 33.Rh1 f6 34.Nd1 f5 35.exf5 Bxf5 36.Bxf5 Rxf5 37.Nb2 Ref7
38.Rh3 e4 0-1

[Event "Cto. Navarra por equipos - Division Hono"]
[Site "?"]
[Date "2017.11.25"]
[Round "7"]
[White "Cortes Bueno, Jesus Javier"]
[Black "Hernandez Barricarte, Miguel A"]
[Result "0-1"]
[WhiteElo "2191"]
[BlackElo "1902"]

1.e4 e6 2.d4 d5 3.Nc3 Nf6 4.e5 Nfd7 5.f4 c5 6.Nf3 Nc6 7.Be3 a6 8.Qd2 b5 9.a3 Qa5
10.Rb1 b4 11.Nd1 Qb6 12.axb4 Nxb4 13.c3 Nc6 14.Bd3 a5 15.O-O Ba6 16.f5 exf5
17.Ng5 cxd4 18.cxd4 Bb4 19.Nc3 Ne7 20.Rbe1 Bxc3 21.bxc3 Bxd3 22.Qxd3 O-O 23.Bc1
Rfe8 24.g4 h6 25.Nxf7 Qg6 26.Nd6 Rf8 27.Rf4 fxg4 28.Qxg6 Nxg6 29.Rxg4 Kh7 30.Ba3
Rf3 31.Rg3 Nh4 32.Rf1 Rxf1 33.Kxf1 g5 34.Ke2 Nf8 35.c4 dxc4 36.Rc3 Ne6 37.Rxc4
Rb8 38.Ne4 Rb3 39.Bc1 Rb4 40.Rxb4 axb4 41.d5 Nc7 42.d6 Ne6 43.Kd3 Nf3 44.Kc4 Kg6
45.Kd5 Kf7 46.h3 h5 47.Nf6 g4 48.hxg4 h4 49.Ne4 h3 50.Ng3 h2 51.Bb2 Nfg5 52.Kc4
Nf4 53.Nh1 Ke6 54.Kd4 Ng6 55.d7 Kxd7 56.Kd5 Nf4 57.Kc4 Ke6 58.Ba1 Nf3 59.Kxb4
Nxe5 60.g5 Ng4 61.Bd4 Kf5 62.Ba7 Kxg5 63.Kc3 Kf5 64.Ng3 Kg5 65.Bb8 Ne2 0-1

[Event "Cto. Navarra por equipos - Division Hono"]
[Site "?"]
[Date "2017.11.25"]
[Round "7"]
[White "Barberia Fernandez, Inaki"]
[Black "Vila Dupla, Aurelio"]
[Result "0-1"]
[WhiteElo "1861"]
[BlackElo "2139"]

1.d4 Nf6 2.Nf3 g6 3.g3 Bg7 4.Bg2 O-O 5.O-O d5 6.Bf4 c5 7.c3 Qb6 8.Qb3 Nc6 9.Nbd2
Re8 10.Qxb6 axb6 11.Bc7 Ra6 12.Rfe1 Bf5 13.Ne5 Rc8 14.Nxc6 Rxc7 15.Ne5 cxd4
16.cxd4 Rc2 17.Ndf3 Rxb2 18.Ng5 Raxa2 19.Rxa2 Rxa2 20.Ngxf7 b5 21.g4 Bc2 22.g5
Ne4 23.Nh6 Bxh6 24.gxh6 b4 25.Bxe4 dxe4 26.Nc4 b3 27.Ne3 Ra4 28.Kg2 Rxd4 0-1

[Event "Cto. Navarra por equipos - Division Hono"]
[Site "?"]
[Date "2017.11.25"]
[Round "7"]
[White "Ugalde Ezcurra, Jose Miguel"]
[Black "Sola Plaza, Gregorio"]
[Result "1/2-1/2"]
[WhiteElo "2119"]
[BlackElo "1846"]

1.g3 d5 2.Bg2 c6 3.d3 Bg4 4.Nd2 e6 5.Ngf3 Bd6 6.e4 Nd7 7.O-O Ne7 8.Qe1 O-O 9.b3
Bb4 10.Bb2 Bxf3 11.Bxf3 Qa5 12.Rd1 Qxa2 13.Rb1 dxe4 14.Qxe4 Bxd2 15.Qd4 Nf6
16.Ra1 Nf5 17.Rxa2 Nxd4 18.Bxd4 a6 19.c3 Bh6 20.Bc5 Rfd8 21.d4 Nd7 22.Bd6 g6
23.c4 Bf8 24.Bc7 Rdc8 25.Bf4 Bg7 26.Rd1 Re8 27.Kg2 Rac8 28.Rad2 Kh8 29.h4 h5
30.Kf1 Nf6 31.Bg5 Nd7 32.Bf4 Kh7 33.Kg2 Bh6 34.Bg5 f6 35.Bxh6 Kxh6 36.Be4 f5
37.Bf3 Kg7 38.Be2 Kf6 39.f4 Nb6 40.Bf3 Rcd8 41.Kf2 Rd7 42.Ke3 Ke7 43.Kd3 Kd8
44.Kc3 Kc7 45.Re1 Rde7 46.Rde2 Nc8 47.Bg2 b6 48.Re5 Nd6 49.Bf3 Nf7 50.R5e2 Nd6
51.Re5 Nf7 52.R5e2 Nd6 1/2-1/2

[Event "Cto. Navarra por equipos - Division Hono"]
[Site "?"]
[Date "2017.11.25"]
[Round "7"]
[White "Rodriguez Montes, Sostenes"]
[Black "Munoz Arana, Miguel"]
[Result "0-1"]
[WhiteElo "1813"]
[BlackElo "2074"]

1.e4 c5 2.Nc3 Nc6 3.g3 Rb8 4.a4 g6 5.Bg2 Bg7 6.Rb1 e6 7.Nf3 Nge7 8.O-O O-O 9.d3
a6 10.Ne2 d5 11.exd5 Nxd5 12.Nf4 Nf6 13.Re1 Re8 14.Be3 e5 15.Ne2 Qd6 16.Qc1 Bf5
17.Ng5 b6 18.Nc3 Qd7 19.Ne2 Rbd8 20.Rd1 Nd4 21.Re1 Qxa4 22.Nxd4 cxd4 23.Ra1 Qb5
24.Bd2 a5 25.b4 a4 26.Qa3 h6 27.Nf3 Bd7 28.h3 Nd5 29.Nh2 Kh7 30.Qc1 Rc8 31.Qd1
Nc3 32.Qf3 f5 33.g4 Qxb4 34.gxf5 Bxf5 35.Ng4 h5 36.Nxe5 Rxe5 37.Rxe5 Bxe5 38.Qb7
Rc7 0-1

[Event "Cto. Navarra por equipos - Division Hono"]
[Site "?"]
[Date "2017.11.25"]
[Round "7"]
[White "Unanua Garcia, Pedro"]
[Black "Juanco Elizari, Felix Javier"]
[Result "1-0"]
[WhiteElo "2105"]
[BlackElo "1730"]

1.d4 Nf6 2.Bf4 d6 3.Nf3 g6 4.e3 Bg7 5.h3 O-O 6.Be2 c5 7.O-O Qb6 8.Nc3 Bd7 9.Rb1
Na6 10.a3 Rac8 11.Re1 Rfd8 12.d5 Bf5 13.Nd2 e5 14.Bh2 Bd7 15.f4 e4 16.Ndxe4 Nxe4
17.Nxe4 Re8 18.Bf3 c4 19.Qe2 f5 20.Nf2 Nc5 21.Kh1 Bb5 22.c3 Nd3 23.Nxd3 cxd3
24.Qd2 Re7 25.Bg1 Qa5 26.e4 Rce8 27.exf5 gxf5 28.Rxe7 Rxe7 29.Re1 Rxe1 30.Qxe1
Qa4 31.Qe6 Kf8 32.Bh5 Be8 33.Qxd6 Kg8 34.Qe6 1-0

[Event "Cto. Navarra por equipos - Division Hono"]
[Site "?"]
[Date "2017.11.25"]
[Round "7"]
[White "Jeddi, Abdelkader"]
[Black "Vinal Gutierrez, Pedro"]
[Result "0-1"]
[WhiteElo "1704"]
[BlackElo "2041"]

1.d4 d5 2.Nf3 Bf5 3.e3 Nf6 4.c4 e6 5.Qb3 Qc8 6.Nc3 c6 7.cxd5 exd5 8.Be2 Be7
9.Ne5 O-O 10.Bd3 Bxd3 11.Nxd3 Nbd7 12.O-O Re8 13.Re1 Bd6 14.Qd1 Qc7 15.h3 Re6
16.Bd2 Rae8 17.Rc1 Qd8 18.Ne2 Ne4 19.Bb4 Bb8 20.Nef4 Rh6 21.g3 Ndf6 22.Kg2 g5
23.Ne2 Qd7 24.Rh1 Nh5 25.f4 gxf4 26.exf4 Nhxg3
    ( 26...Nexg3 27.Nxg3 Nxg3 28.Kxg3 )
27.Nxg3 Nxg3 28.Kxg3 Re3 29.Kf2 Rhxh3 30.Rxh3 Qxh3 31.Qg1 Kh8 32.Qh1 Qg3 33.Kf1
Rxd3 34.Qh6 Rf3 35.Ke2 Rf2 36.Kd1 Qd3 0-1

[Event "Cto. Navarra por equipos - Division Hono"]
[Site "?"]
[Date "2017.11.25"]
[Round "7"]
[White "Huerga Leache, Mikel"]
[Black "Ortin Blanco, Inigo"]
[Result "1-0"]
[WhiteElo "2449"]
[BlackElo "2261"]

1.d4 d5 2.Nf3 Nf6 3.Bf4 c5 4.dxc5 Qa5 5.Nbd2 Nc6 6.e3 e6 7.a3 Qxc5 8.c4 dxc4
9.Nxc4 Be7 10.b4 Qd5 11.Qc2 O-O 12.Be2 e5 13.Ncxe5 Nxe5 14.Bxe5 Be6 15.O-O a5
16.b5 Rfc8 17.Qb2 a4 18.Nd2 Bd6 19.Bxf6 gxf6 20.Bf3 Qd3 21.Ne4 Be5 22.Nxf6 Bxf6
23.Qxf6 Qxb5 24.Rad1 Ra5 25.Bxb7 Rf8 26.Rd8 Rxd8 27.Qxd8 Kg7 28.Qd4 Qe5 29.Bc6
Qxd4 30.exd4 Bd5 31.Bd7 Bb3 32.Bc6 Bd5 33.Bxd5 Rxd5 34.Rd1 Rb5 35.d5 Kf8 36.g4
Rb3 37.d6 Ke8 38.Re1 Kd7 39.Re7 Kxd6 40.Rxf7 Rxa3 41.Rxh7 Ke5 42.Kg2 Kf4 43.h3
Rb3 44.Ra7 a3 45.Ra4 Kg5 46.Ra5 Kg6 47.h4 Rc3 48.Ra6 Kg7 49.h5 Rb3 50.g5 Rb5
51.Rxa3 Rxg5 52.Rg3 1-0

[Event "Cto. Navarra por equipos - Division Hono"]
[Site "?"]
[Date "2017.11.25"]
[Round "7"]
[White "Roldan Marques, Daniel"]
[Black "Bru Rullo, Llazer"]
[Result "1-0"]
[WhiteElo "2189"]
[BlackElo "2239"]

1.d4 e6 2.c4 Nf6 3.Nf3 Bb4 4.Nbd2 b6 5.a3 Bxd2 6.Qxd2 Bb7 7.e3 d6 8.b3 Nbd7
9.Bb2 Qe7 10.Be2 O-O 11.O-O Ne4 12.Qc2 f5 13.Rad1 Ng5 14.d5 e5 15.Nxg5 Qxg5
16.f4 Qh6 17.Rf3 Rae8 18.Rh3 Qf6 19.Rf1 Bc8 20.b4 Qe7 21.Bd3 e4 22.Be2 Nf6
23.Bd4 Bd7 24.Rc1 Rc8 25.Qd2 c6 26.dxc6 Rxc6 27.Qe1 Be8 28.Qh4 h6 29.g4 fxg4
30.Bxg4 Qf7 31.Be2 Kh7 32.Kh1 Rc7 33.Rg1 Bd7 34.Rhg3 Bc8 35.f5 Qe8 36.Bxf6 Rxf6
37.Rxg7 Rxg7 38.Qxf6 Rxg1 39.Kxg1 Qg8 40.Kf2 Qg7 41.Qxd6 Bxf5 42.Qf4 Qf6 43.c5
bxc5 44.bxc5 Kg6 45.h4 Kg7 46.c6 Bc8 47.Qxf6 Kxf6 48.Kg3 Ke5 49.Bg4 Bxg4 50.Kxg4
Kd6 51.Kf5 Kxc6 52.Kxe4 Kd6 53.Kf5 1-0

[Event "Cto. Navarra por equipos - Division Hono"]
[Site "?"]
[Date "2017.11.25"]
[Round "7"]
[White "Ventura Bolet, Maxim"]
[Black "Sesma Rubio, Patxi"]
[Result "0-1"]
[WhiteElo "2229"]
[BlackElo "2150"]

1.Nf3 d5 2.e3 Nf6 3.c4 e6 4.b3 Be7 5.Bb2 Nbd7 6.Nc3 c6 7.Qc2 O-O 8.Rg1 Nc5 9.d3
a5 10.a3 Qb6 11.Nd2 e5 12.Na4 Nxa4 13.bxa4 d4 14.exd4 exd4 15.O-O-O c5 16.Be2
Bd7 17.Rde1 Rfe8 18.Bf3 Bc6 19.Re2 Bf8 20.Rge1 Rxe2 21.Rxe2 Qc7 22.Bxc6 Qxc6
23.Nf3 Bd6 24.Qb3 Nh5 25.Re4 Nf4 26.Nh4 g6 27.g3 Nh3 28.f4 Nf2 29.Re2 Qh1 30.Kd2
Qxh2 31.Qb6 Qg1 32.Re1 Qxg3 33.Qxd6 Qxd3 34.Kc1 Qb3 35.Re2 Qd1 0-1

[Event "Cto. Navarra por equipos - Division Hono"]
[Site "?"]
[Date "2017.11.25"]
[Round "7"]
[White "Ortin Blanco, Ainhoa"]
[Black "Ramos Dominguez, Joaquin"]
[Result "0-1"]
[WhiteElo "2043"]
[BlackElo "2080"]

1.d4 Nf6 2.c4 e6 3.Nc3 Bb4 4.Qc2 Nc6 5.Nf3 d6 6.e4 e5 7.Be3 Ng4 8.O-O-O Nxe3
9.fxe3 Bxc3 10.Qxc3 Qe7 11.Bd3 O-O 12.a3 a6 13.b4 Bd7 14.Kb2 Rfe8 15.Rhe1 Na7
16.Bc2 Bg4 17.Rd2 Bxf3 18.gxf3 c5 19.Rg1 b5 20.Rdg2 g6 21.f4 Rab8 22.fxe5 cxb4
23.axb4 bxc4 24.Ba4 Rec8 25.e6 Qxe6 26.Rg4 a5 27.b5 Nxb5 28.Bxb5 Rxb5 29.Kc2 Rb3
30.Qxa5 Rcb8 31.Qd5 Rb2 32.Kc1 Qxd5 33.exd5 Rxh2 34.R4g2 Rxg2 35.Rxg2 Rb3 36.Re2
h5 37.Re1 h4 38.Kd2 g5 39.Ke2 Kg7 40.Rc1 c3 41.e4 f6 42.Kf3 c2 43.Kg4 Kg6 0-1

[Event "Cto. Navarra por equipos - Division Hono"]
[Site "?"]
[Date "2017.11.25"]
[Round "7"]
[White "Garralda Ruiz, Ander"]
[Black "Laguardia Ortega, Moises"]
[Result "0-1"]
[WhiteElo "1954"]
[BlackElo "2030"]

1.e4 e5 2.Nf3 Nf6 3.Nc3 Bb4 4.Bc4 O-O 5.d3 d5 6.exd5 Nxd5 7.Bd2 Nxc3 8.bxc3 Bd6
9.Rb1 Nc6 10.O-O Na5 11.Bb5 a6 12.Ba4 b5 13.Bb3 Nxb3 14.cxb3 Bg4 15.Re1 Qf6
16.c4 c6 17.Bc3 Rfe8 18.Re3 Bc5 19.Re4 Bxf3 20.Qxf3 Qxf3 21.gxf3 f6 22.Rbe1 Red8
23.Rd1 Rd7 24.b4 Bb6 25.c5 Bc7 26.Kf1 a5 27.Rd2 axb4 28.Bxb4 Ba5 29.Ke2 f5
30.Rh4 g5 31.Bxa5 gxh4 32.Bb4 Kf7 33.a3 Rg8 34.Rd1 Rg2 35.Kf1 h3 36.Bc3 Rxh2 0-1

[Event "Cto. Navarra por equipos - Division Hono"]
[Site "?"]
[Date "2017.11.25"]
[Round "7"]
[White "Garrido Lasheras, David"]
[Black "Huarte Zozaya, Aitor"]
[Result "1-0"]
[WhiteElo "2075"]
[BlackElo "1867"]

1.d4 Nf6 2.Bf4 d5 3.e3 c5 4.Nf3 Nc6 5.c3 Qb6 6.Qb3 c4 7.Qxb6 axb6 8.Na3 Ra5
9.Bc7 Nd7 10.e4 e6 11.Nc2 Be7 12.Be2 Ra6 13.O-O b5 14.a3 O-O 15.Nd2 Bd8 16.Bg3
dxe4 17.Nxe4 f5 18.Nd6 f4 19.Nxc8 fxg3 20.Nd6 gxf2 21.Kh1 Nxd4 22.Nxd4 Rxd6
23.Nxb5 Rb6 24.Bxc4 Ne5 25.Be2 Ng6 26.g3 e5 27.Kg2 Rbf6 28.Bc4 Kh8 29.Bd5 b6
30.Rad1 Ne7 31.Be4 Nf5 32.Bxf5 Rxf5 33.Rd2 e4 34.Rdxf2 1-0

[Event "Cto. Navarra por equipos - Division Hono"]
[Site "?"]
[Date "2017.11.25"]
[Round "7"]
[White "Roviralta Montero, Axel"]
[Black "Martinez Bernardo, Aitor"]
[Result "0-1"]
[WhiteElo "1813"]
[BlackElo "1976"]

1.e4 e5 2.d4 exd4 3.Qxd4 Nc6 4.Qe3 b6 5.Nc3 Bb7 6.Bd2 Nf6 7.O-O-O Qe7 8.Bc4
O-O-O 9.f4 Na5 10.Bd3 d5 11.e5 Nd7 12.Nf3 Kb8 13.Rhe1 Nc5 14.Bf1 Nc4 15.Bxc4
dxc4 16.Ng5 h6 17.Nge4 Qh4 18.h3 Be7 19.Nf2 Bxg2 20.Rg1 Bb7 21.Rxg7 Ne6 22.Rg4
Qh5 23.Nce4 Qf5 24.Ng3 Qh7 25.f5 Bc5 26.Qe2 Nd4 27.Qxc4 Bf3 28.Rh4 Bxd1 29.Nxd1
Nf3 30.Ne4 Nxh4 31.Nxc5 bxc5 32.Qb5 Kc8 33.Qa6 Kd7 34.Qa4 Ke7 35.Qxh4 Ke8 36.Qf6
Rd7 37.Be3 Rg8 38.Nc3 Qg7 39.Nd5 Qg2 40.c4 Qf1 0-1

[Event "Cto. Navarra por equipos - Division Hono"]
[Site "?"]
[Date "2017.11.25"]
[Round "7"]
[White "Torres Calvo, Mauricio"]
[Black "Garisoain Ardanaz, Alvaro"]
[Result "1/2-1/2"]
[WhiteElo "1806"]
[BlackElo "1663"]

1.e4 d6 2.d4 Nf6 3.Nc3 Nbd7 4.Nf3 e5 5.Bc4 Be7 6.O-O O-O 7.h3 c6 8.a4 b6 9.dxe5
dxe5 10.Be3 Qc7 11.Qe2 a5 12.Nd2 Bc5 13.Nb3 Bb4 14.Bd3 Bb7 15.Nd1 Rfe8 16.c3 Bd6
17.Bg5 c5 18.Nd2 h6 19.Bh4 Bf8 20.Ne3 g6 21.g4 Bg7 22.Nc2 Nf8 23.Qf3 g5 24.Bg3
Ne6 25.Ne3 Nf4 26.Bxf4 exf4 27.Nf5 Nd7 28.Nc4 Ne5 29.Nxe5 Qxe5 30.Rfe1 Rad8
31.Rad1 Bc6 32.Bc2 Qc7 33.Qe2 Bd7 34.Nd6 Re6 35.Nf5 Ree8 36.Nd6 1/2-1/2

[Event "Cto. Navarra por equipos - Division Hono"]
[Site "?"]
[Date "2017.11.25"]
[Round "7"]
[White "Martinez Ayesa, Aitor"]
[Black "Reinaldo Castineira, Roi"]
[Result "0-1"]
[WhiteElo "2045"]
[BlackElo "2496"]

1.Nf3 d5 2.c4 d4 3.e3 Nc6 4.d3 e5 5.exd4 exd4 6.g3 Bf5 7.a3 a5 8.Bg2 Qe7 9.Kf1
Qd7 10.h3 Bd6 11.Nh4 Be6 12.f4 Nge7 13.Nd2 Ng6 14.Qh5 Nxh4 15.Qxh4 h5 16.Qg5 f5
17.Kf2 Kf8 18.Bxc6 Qxc6 19.Re1 Be7 20.Qg6 Rh6 21.Rxe6 Qxe6 22.Qxe6 Rxe6 23.Nf3
Bf6 24.Bd2 Rb6 25.Rb1 Rb3 26.Ne1 Be7 27.Nc2 Rxd3 28.Be1 Bf6 29.b3 Re8 30.Bxa5 h4
31.gxh4 Bxh4 0-1

[Event "Cto. Navarra por equipos - Division Hono"]
[Site "?"]
[Date "2017.11.25"]
[Round "7"]
[White "Zamarbide Inarrea, Borja"]
[Black "Forjan Jimenez, Pedro"]
[Result "1/2-1/2"]
[WhiteElo "2048"]
[BlackElo "2000"]

1.e4 b6 2.d4 Bb7 3.c4 Bxe4 4.d5 e6 5.Nc3 Bb4 6.Qd4 Qf6 7.Qxe4 Bxc3 8.bxc3 Qxc3
9.Kd1 Qxa1 10.dxe6 c6 11.exd7 Kxd7 12.Qf5 Kc7 13.Qf4 Kc8 14.Bd3 Ne7 15.Qxf7 Qd4
16.Kc2 Qf6 17.Qxf6 gxf6 18.Bb2 Nd7 19.Nf3 Kc7 20.Nd4 Nc5 21.Re1 Ng6 22.Ne6 Nxe6
23.Rxe6 Rae8 24.Rxf6 Rhf8 25.Rxf8 Rxf8 26.Bd4 c5 27.Be3 Ne5 28.Be2 Nc6 29.Kc3
Nd4 30.Bd3 Rf7 31.f3 Ne6 32.Be4 Kd6 33.h4 Rg7 34.g4 Rf7 35.Bf5 Ke5 36.Kd3 Rd7
37.Kc3 Rf7 38.Kd3 1/2-1/2

[Event "Cto. Navarra por equipos - Division Hono"]
[Site "?"]
[Date "2017.11.25"]
[Round "7"]
[White "Lerendegui Lasa, Odei"]
[Black "Lopez Orois, Jose Manuel"]
[Result "1-0"]
[WhiteElo "1975"]
[BlackElo "2036"]

1.e4 c5 2.c3 Nf6 3.e5 Nd5 4.d4 cxd4 5.Nf3 d6 6.cxd4 Nc6 7.Bc4 e6 8.O-O dxe5
9.dxe5 Be7 10.Qe2 Nb6 11.Rd1 Qc7 12.Bd3 Nb4 13.Be4 N4d5 14.Bd2 Bd7 15.Na3 Bc6
16.Rac1 Qd7 17.Bxd5 Nxd5 18.Nc4 O-O 19.Bg5 Rfd8 20.Rd4 Bb5 21.b3 h6 22.Bd2 Rac8
23.Rg4 Kh8 24.a4 Ba6 25.Nd4 Bxc4 26.Rxc4 Rxc4 27.bxc4 Nb6 28.a5 Na4 29.Qf3 Bg5
30.Bxg5 hxg5 31.h4 Qe7 32.hxg5 Qb4 33.Qxf7 Qe1 34.Kh2 Rxd4 35.Qf8 Kh7 36.g6 1-0